000 00704nam a2200229 a 4500
999 _c9723
_d9723
001 972397239723972397239723
003 BD-JhCC
005 20180324075935.0
008 180324s1999 bg a|||| ||a| 000 0 b d
020 _a9844101374
035 _a(BD-JhCC)9723
040 _aBD-JhCC
_dBD-JhCC
041 _aben
082 _a923
_bSUL 1999
100 _aসুলতানা, হেনা
245 _aরণদা প্রসাদ সাহা জীবন ও সাধনা /
_cহেনা সুলতানা
260 _aঢাকা:
_bমাওলা ব্রাদার্স;
_c1999.
300 _a55 p. :
_c21 cm.
651 _aBiography
942 _2ddc
_cBK